000 00442cam a2200193ua 4500
020 _c2.00
041 _ahin
_h
082 _a891.54
_bIND/CH
100 _aIndra, Vasavada .
245 _aChanda /
_cIndra Vasavada.
_hTextual Documents
250 _a1 /
_b.
260 _aDelhi :
_bRajkamal Prakash ,
_c1953.
300 _a166 ; .
365 _a2.00
504 _a
942 _cBK
999 _c8219
_d8219